[Event "IX Êóáîê Ãóáåðíàòîðà ÕÌÀÎ-Þãðû òóðíèð À"]
[Site "Õàíòû-Ìàíñèéñê, Russia"]
[Date "2013.12.01"]
[Round "4"]
[White "Õàéðóëëèí Èëüäàð"]
[Black "Êîêàðåâ Äìèòðèé"]
[Result "1/2-1/2"]
[WhiteElo "2653"]
[BlackElo "2631"]
[Annotator ""]
[Source ""]
[Remark ""]

1.d4 Nf6 2.c4 g6 3.Nc3 Bg7 4.e4 d6 5.h3 O-O 6.Nf3 e5 7.d5 Nh5
8.g3 a5 9.Be2 Na6 10.Nh2 Nf6 11.Ng4 Nd7 12.Nh6+ Kh8 13.h4 Ndc5
14.Be3 f5 15.h5 f4 16.gxf4 exf4 17.Bxc5 Nxc5 18.hxg6 Qf6 19.Nf7+
Kg8 20.Nh6+ Kh8 21.Nf7+ Kg8 22.Nh6+ 1/2-1/2

[Event "IX Êóáîê Ãóáåðíàòîðà ÕÌÀÎ-Þãðû òóðíèð À"]
[Site "Õàíòû-Ìàíñèéñê, Russia"]
[Date "2013.12.01"]
[Round "4"]
[White "Ïîòàïîâ Ïàâåë"]
[Black "Øèìàíîâ Àëåêñàíäð"]
[Result "0-1"]
[WhiteElo "2468"]
[BlackElo "2650"]
[Annotator ""]
[Source ""]
[Remark ""]

1.e4 e6 2.d4 d5 3.e5 c5 4.c3 Qb6 5.Nf3 Nc6 6.a3 Bd7 7.Bd3 cxd4
8.cxd4 Nxd4 9.Nxd4 Qxd4 10.O-O Qxe5 11.Re1 Qf6 12.Nc3 Bc5 13.Qc2
Ne7 14.Be3 Bxe3 15.Rxe3 g6 16.Rf3 Qg7 17.Qb3 Nc6 18.Nxd5 exd5
19.Re1+ Kd8 20.Qxd5 Re8 21.Rd1 f5 22.Bb5 Re5 23.Qd3 Qe7 24.g3
Kc7 0-1

[Event "IX Êóáîê Ãóáåðíàòîðà ÕÌÀÎ-Þãðû òóðíèð À"]
[Site "Õàíòû-Ìàíñèéñê, Russia"]
[Date "2013.12.01"]
[Round "4"]
[White "Ãîãàíîâ Àëåêñåé"]
[Black "Ëûñûé Èãîðü"]
[Result "1/2-1/2"]
[WhiteElo "2581"]
[BlackElo "2666"]
[Annotator ""]
[Source ""]
[Remark ""]

1.Nf3 Nf6 2.g3 d5 3.Bg2 e6 4.O-O Be7 5.b3 O-O 6.Bb2 b6 7.c4 Bb7
8.cxd5 Nxd5 9.Nc3 c5 10.d4 Nd7 11.Nxd5 Bxd5 12.Rc1 Rc8 13.Qd3
cxd4 14.Bxd4 Nc5 15.Qc3 Nxb3 16.Qxc8 Nxc1 17.Qxc1 Bxf3 18.Bxb6
Qxb6 19.Bxf3 Bf6 20.Qc2 Rb8 21.Rd1 g6 22.Kg2 Qb5 23.Rd3 a5 24.Rb3
Qe5 25.Qe4 Rxb3 26.Qxe5 Bxe5 27.axb3 Bd6 28.e3 Bb4 29.Be2 Bd6
30.Bf3 Bb4 31.Be2 Bd6 32.Bf3 Bb4 1/2-1/2

[Event "IX Êóáîê Ãóáåðíàòîðà ÕÌÀÎ-Þãðû òóðíèð À"]
[Site "Õàíòû-Ìàíñèéñê, Russia"]
[Date "2013.12.01"]
[Round "4"]
[White "Ïðèäîðîæíûé Àëåêñåé"]
[Black "Ñàâ÷åíêî Áîðèñ"]
[Result "1-0"]
[WhiteElo "2517"]
[BlackElo "2602"]
[Annotator ""]
[Source ""]
[Remark ""]

1.e4 e6 2.d4 d5 3.e5 c5 4.c3 Qb6 5.Nf3 Bd7 6.Be2 Nh6 7.Bd3 Nc6
8.Bc2 Nf5 9.dxc5 Bxc5 10.O-O O-O 11.g4 Nfe7 12.b4 Nxb4 13.cxb4
Qxb4 14.h3 Rac8 15.Qd3 Ng6 16.Bd2 Qb6 17.Nc3 Bb4 18.Rab1 Qc5
19.Rb3 a5 20.a3 Bxa3 21.Be3 Qe7 22.Rxb7 Bb4 23.Ne2 Qd8 24.h4
f6 25.h5 fxe5 26.Nxe5 Nxe5 27.Qxh7+ Kf7 28.Bg6+ Nxg6 29.hxg6+
Ke8 30.Qxg7 Qe7 31.Qh6 Rg8 32.Qh5 Qg7 33.Nf4 Be7 34.g5 e5 35.Nxd5
Qxg6 36.Qxg6+ Rxg6 37.Nxe7 Kxe7 38.Ra7 a4 39.Re1 Ke6 40.Bf4 Kf5
41.Bg3 Bc6 42.Rxe5+ Kg4 43.Rh7 1-0

[Event "IX Êóáîê Ãóáåðíàòîðà ÕÌÀÎ-Þãðû òóðíèð À"]
[Site "Õàíòû-Ìàíñèéñê, Russia"]
[Date "2013.12.01"]
[Round "4"]
[White "Ôðîëüÿíîâ Äìèòðèé"]
[Black "Àëåêñàíäðîâ Àëåêñåé"]
[Result "1-0"]
[WhiteElo "2561"]
[BlackElo "2586"]
[Annotator ""]
[Source ""]
[Remark ""]

1.e4 e5 2.Nf3 Nc6 3.Bb5 Nf6 4.O-O Nxe4 5.d4 Nd6 6.dxe5 Nxb5 7.a4
Nbd4 8.Nxd4 Nxd4 9.Qxd4 d5 10.exd6 Qxd6 11.Qe3+ Be7 12.Nc3 c6
13.Re1 Be6 14.Ne4 Qe5 15.Bd2 O-O 16.Bc3 Qh5 17.Rad1 Qg6 18.Rd3
Rfd8 19.Qf4 Rxd3 20.cxd3 Re8 21.Re3 h5 22.Rg3 Bg4 23.h3 f5 24.hxg4
hxg4 25.Nd2 Bg5 26.Qc4+ Kh7 27.Nf1 Qh5 28.Qd4 Re7 29.f4 Bf6 30.Qc5
Bxc3 31.bxc3 Re6 32.Ne3 Kg6 33.Qf8 Rf6 34.Qg8 Qh6 35.Qe8+ Kh7
36.Qe5 Qg6 37.a5 b5 38.Nf1 Rd6 39.Re3 Rd5 40.Qe7 a6 41.Re6 Qh5
42.Ng3 1-0

[Event "IX Êóáîê Ãóáåðíàòîðà ÕÌÀÎ-Þãðû òóðíèð À"]
[Site "Õàíòû-Ìàíñèéñê, Russia"]
[Date "2013.12.01"]
[Round "4"]
[White "Ñìèðíîâ Ïàâåë"]
[Black "Øèíêåâè÷ Âèòàëèé"]
[Result "1-0"]
[WhiteElo "2641"]
[BlackElo "2468"]
[Annotator ""]
[Source ""]
[Remark ""]

1.d4 Nf6 2.c4 g6 3.Nc3 d5 4.Nf3 Bg7 5.cxd5 Nxd5 6.e4 Nxc3 7.bxc3
c5 8.Rb1 O-O 9.Be2 Nc6 10.d5 Ne5 11.Nxe5 Bxe5 12.Qd2 e6 13.f4
Bc7 14.O-O exd5 15.exd5 Ba5 16.d6 Rb8 17.Rb5 b6 18.Rxa5 bxa5
19.Ba3 Bf5 20.Bxc5 Qd7 21.Qd4 Rfe8 22.Bf3 Rb2 23.a3 a6 24.c4
Rc2 25.Bb6 Bg4 26.Be4 Re2 27.Bd5 Bh3 28.Qf6 R8e6 29.Bxe6 Rxg2+
30.Kh1 Bxe6 31.Bd4 1-0

[Event "IX Êóáîê Ãóáåðíàòîðà ÕÌÀÎ-Þãðû òóðíèð À"]
[Site "Õàíòû-Ìàíñèéñê, Russia"]
[Date "2013.12.01"]
[Round "4"]
[White "Ìàòëàêîâ Ìàêñèì"]
[Black "Øîìîåâ Àíòîí"]
[Result "1-0"]
[WhiteElo "2700"]
[BlackElo "2560"]
[Annotator ""]
[Source ""]
[Remark ""]

1.c4 Nf6 2.g3 c6 3.Nf3 d5 4.Bg2 dxc4 5.O-O Nbd7 6.Qc2 Nb6 7.a4
a5 8.Na3 Nfd5 9.Nxc4 Nb4 10.Qc3 Nxc4 11.Qxc4 Be6 12.Qc3 Nd5 13.Qe5
Qc7 14.d3 Bg4 15.Qd4 Bxf3 16.Bxf3 e6 17.Bxd5 exd5 18.e4 O-O-O
19.Qa7 b6 20.Qa8+ Kd7 21.Qa6 dxe4 22.dxe4 Bc5 23.Bg5 f6 24.Bf4
Bd6 25.Rad1 Ke7 26.Be3 c5 27.f4 Qc6 28.e5 Bc7 29.exf6+ Kxf6 30.Qc4
Rxd1 31.Rxd1 Rd8 32.Bd4+ Ke7 33.Re1+ Kf8 34.Bc3 Re8 35.Rxe8+
Qxe8 36.Kf2 Qd7 37.Qe4 Qh3 38.Kg1 Bd8 39.Qd5 Be7 40.Qe5 Qg4 41.Kf2
Kf7 42.h3 Qxh3 43.Qxg7+ Ke8 44.Qg8+ Bf8 45.Qd5 Qh2+ 46.Qg2 Qh6
47.Ke3 Be7 48.Qa8+ Kf7 49.Qd5+ Ke8 50.g4 Qh2 51.Qh5+ Qxh5 52.gxh5
Kd7 53.Ke4 Kc6 54.f5 Bd6 55.Bg7 1-0

[Event "IX Êóáîê Ãóáåðíàòîðà ÕÌÀÎ-Þãðû òóðíèð À"]
[Site "Õàíòû-Ìàíñèéñê, Russia"]
[Date "2013.12.01"]
[Round "4"]
[White "Êîðíååâ Îëåã"]
[Black "Êàáàíîâ Íèêîëàé"]
[Result "0-1"]
[WhiteElo "2637"]
[BlackElo "2477"]
[Annotator ""]
[Source ""]
[Remark ""]

1.e4 c6 2.d4 d5 3.Nc3 dxe4 4.Nxe4 Bf5 5.Ng3 Bg6 6.h4 h6 7.Nf3
Nf6 8.Ne5 Bh7 9.Bd3 Nbd7 10.Bxh7 Nxe5 11.O-O Nf3+ 12.Qxf3 Nxh7
13.c4 e6 14.d5 cxd5 15.cxd5 Qxd5 16.Qxd5 exd5 17.Re1+ Kd7 18.Be3
Bb4 19.Red1 Ke6 20.Nh5 g5 21.Ng7+ Kd6 22.Nf5+ Ke6 23.Ng7+ Kd6
24.a3 Ba5 25.Nf5+ Ke6 26.Ng7+ Kd6 27.Bd4 f6 28.Nf5+ Ke6 29.g4
h5 30.Re1+ Bxe1 31.Rxe1+ Kd7 32.Re7+ Kc6 33.Re6+ Kb5 34.Nd6+
Ka4 35.Nxb7 Rhe8 36.Ra6+ Kb3 37.Nc5+ Kc2 38.gxh5 gxh4 39.Kg2
Rg8+ 40.Kh2 Rg4 41.Ne6 Rag8 42.Rc6+ Kb1 43.h6 Ng5 44.Nxg5 R8xg5
45.Be3 Rh5 46.Kh3 Re4 47.Rxf6 d4 48.Rf4 Rxf4 49.Bxf4 d3 50.Kg4
h3 51.Kxh5 h2 52.Bxh2 d2 53.h7 d1Q+ 54.Kh6 Qd4 55.Kg6 Qg4+ 56.Kf7
Qh5+ 57.Kg7 Qg5+ 58.Kf7 Qh6 59.Kg8 Qg6+ 60.Kh8 Qf7 61.Bd6 Kxb2
62.f4 Kc2 63.f5 Kd3 0-1

[Event "IX Êóáîê Ãóáåðíàòîðà ÕÌÀÎ-Þãðû òóðíèð À"]
[Site "Õàíòû-Ìàíñèéñê, Russia"]
[Date "2013.12.01"]
[Round "4"]
[White "Áåçãîäîâ Àëåêñåé"]
[Black "Ìàëåòèí Ïàâåë"]
[Result "0-1"]
[WhiteElo "2482"]
[BlackElo "2598"]
[Annotator ""]
[Source ""]
[Remark ""]

1.e4 c5 2.Nf3 e6 3.c3 Nf6 4.e5 Nd5 5.d4 cxd4 6.cxd4 d6 7.a3 Bd7
8.Bc4 Bc6 9.O-O Be7 10.Bxd5 Bxd5 11.Nc3 dxe5 12.dxe5 Bc6 13.Nd4
O-O 14.Qg4 h5 15.Qd1 Bc5 16.Be3 Bxd4 17.Qxd4 Qxd4 18.Bxd4 Nd7
19.f3 Rfd8 20.b4 b6 21.a4 Nf8 22.Ne2 Ng6 23.Rfc1 Rac8 24.a5 Bb5
25.Rxc8 Rxc8 26.Nc3 Bd3 27.Kf2 Ne7 28.Ke3 Bg6 29.g4 hxg4 30.fxg4
Nc6 31.axb6 axb6 32.Ra4 Bc2 33.Ra3 Nxb4 34.Nb5 Bg6 35.Kf4 Rc4
36.Kg3 Nc6 37.Rc3 Rxd4 38.Nxd4 Nxd4 39.Rc4 Ne2+ 40.Kf3 Bd3 41.Rc8+
Kh7 42.Ke3 Bb5 43.Rc7 g5 44.Rxf7+ Kg8 45.Rf2 Bc4 46.h4 gxh4 47.Rh2
b5 48.Rxh4 Kg7 49.g5 Ng3 50.Rg4 Nf5+ 51.Kd2 Ne7 52.Ke3 Nc6 0-1

[Event "IX Êóáîê Ãóáåðíàòîðà ÕÌÀÎ-Þãðû òóðíèð À"]
[Site "Õàíòû-Ìàíñèéñê, Russia"]
[Date "2013.12.01"]
[Round "4"]
[White "Äâîéðèñ Ñåìåí"]
[Black "Êàíòåð Ýäóàðä"]
[Result "1-0"]
[WhiteElo "2562"]
[BlackElo "2407"]
[Annotator ""]
[Source ""]
[Remark ""]

1.e4 c5 2.Nf3 d6 3.d4 cxd4 4.Nxd4 Nf6 5.Nc3 g6 6.Be3 Bg7 7.f3
O-O 8.Qd2 Nc6 9.g4 Be6 10.O-O-O Rc8 11.h4 Qa5 12.a3 Nd7 13.g5
Nxd4 14.Bxd4 Ne5 15.Qe3 Nc4 16.Bxc4 Rxc4 17.Bxg7 Kxg7 18.Nd5
Rfc8 19.Rd2 Qa4 20.Qf2 Bxd5 21.exd5 R4c5 22.Kb1 Qf4 23.Re1 R8c7
24.Re4 Qf5 25.Qd4+ Kg8 26.Qd3 b5 27.Ka2 Kg7 28.c3 Rc4 29.Qe3
Rxe4 30.fxe4 Qe5 31.Rf2 f5 32.gxf6+ exf6 33.Qf3 Rf7 34.Rd2 Re7
35.Rd4 h5 36.a4 a6 37.Qh3 f5 38.exf5 Qxf5 39.Qg3 Re5 40.axb5
Rxd5 41.bxa6 Ra5+ 42.Kb3 Qe6+ 43.c4 Rxa6 44.Kc3 Rb6 45.Qf3 Qe5
46.Qe4 Qf6 47.b4 g5 48.hxg5 Qxg5 49.b5 Rb8 50.Rxd6 Qc1+ 51.Kb3 1-0

[Event "IX Êóáîê Ãóáåðíàòîðà ÕÌÀÎ-Þãðû òóðíèð À"]
[Site "Õàíòû-Ìàíñèéñê, Russia"]
[Date "2013.12.01"]
[Round "4"]
[White "Äæóìàáàåâ Ðèíàò"]
[Black "Ñàäóàêàñîâà Äèíàðà"]
[Result "1/2-1/2"]
[WhiteElo "2561"]
[BlackElo "2357"]
[Annotator ""]
[Source ""]
[Remark ""]

1.Nf3 Nf6 2.c4 e6 3.g3 d5 4.Bg2 dxc4 5.O-O Nbd7 6.Qa4 c5 7.Qxc4
b6 8.d4 Bb7 9.Nc3 Rc8 10.Bg5 cxd4 11.Qxd4 Bc5 12.Qh4 O-O 13.Rad1
Qe8 14.Ne5 Bxg2 15.Nxd7 Nxd7 16.Kxg2 Ne5 17.Qe4 Qc6 18.Qxc6 Rxc6
19.Ne4 f6 20.Bf4 Ng6 21.Rd7 e5 22.Bd2 Bd4 23.Bb4 Ra8 24.e3 Bxb2
25.Rb1 a5 26.Bxa5 Rxa5 27.Rxb2 Nf8 28.Rd8 Ra4 29.Nd6 Ra7 30.Ne4
Ra4 31.Kf3 Kf7 32.g4 Ke7 33.Rb8 Nd7 34.Rb7 Ke6 35.Rd2 h5 36.h3
hxg4+ 37.hxg4 Rxe4 38.Rdxd7 Ra4 39.Rxg7 Rxa2 40.Rbd7 Rd6 41.Rb7
Kd5 42.Rg6 Rc2 43.Rh6 Rc5 44.g5 e4+ 45.Ke2 Kc6 46.Re7 Rxg5 47.Rxe4
Rc5 48.Re8 Kd7 49.Rf8 Rc2+ 50.Kf1 Ke7 51.Rb8 Ke6 52.Kg2 Rb2 53.Kg3
Rdd2 54.f3 Rd6 55.Kf4 Rb3 56.Rb7 Rd5 57.Rg6 Rf5+ 58.Kg4 Rxe3
59.Rxb6+ Kf7 60.Kxf5 Re5+ 1/2-1/2

[Event "IX Êóáîê Ãóáåðíàòîðà ÕÌÀÎ-Þãðû òóðíèð À"]
[Site "Õàíòû-Ìàíñèéñê, Russia"]
[Date "2013.12.01"]
[Round "4"]
[White "Þôôà Äàíèèë"]
[Black "Àëåêñååâ Åâãåíèé"]
[Result "0-1"]
[WhiteElo "2368"]
[BlackElo "2698"]
[Annotator ""]
[Source ""]
[Remark ""]

1.d4 Nf6 2.c4 e6 3.g3 Bb4+ 4.Bd2 c5 5.Bxb4 cxb4 6.Bg2 O-O 7.e4
d6 8.a3 Nc6 9.Ne2 Qb6 10.Qd2 Qa6 11.b3 b5 12.d5 Ne5 13.f4 Ned7
14.dxe6 Nc5 15.e7 Re8 16.e5 Bb7 17.Bxb7 Qxb7 18.O-O dxe5 19.Qe3
Ncd7 20.axb4 bxc4 21.bxc4 Qxb4 22.fxe5 Ng4 23.Qd4 Ngxe5 24.c5
Qxc5 25.Nbc3 Qxe7 26.Nd5 Qd8 27.Rxa7 Rxa7 28.Qxa7 h6 29.Nd4 Qg5
30.Nf5 Qd2 31.Nfe7+ Kh7 32.Qa4 Qd3 33.Qf4 Rb8 34.Qf5+ Qxf5 35.Nxf5
g6 36.Nd6 Kg7 37.Kg2 h5 38.Rf2 Nc5 39.Re2 Ncd7 40.Rf2 Ra8 41.Ne3
Ra4 42.Rf4 Ra6 43.Nec4 f6 44.Rd4 g5 45.Rd2 Kg6 46.Nxe5+ Nxe5
47.Ne4 Nf7 48.Rb2 Re6 49.Nc5 Rd6 50.Ne4 Rd4 51.Nd2 Nd6 52.Nf3
Ra4 53.Rc2 Nf5 54.Rc3 h4 55.Rc6 h3+ 56.Kf2 Ra2+ 57.Ke1 Ne3 58.Rc3
Ng4 59.Kf1 Nxh2+ 60.Nxh2 Rxh2 61.Kg1 Rd2 62.g4 Rg2+ 0-1

[Event "IX Êóáîê Ãóáåðíàòîðà ÕÌÀÎ-Þãðû òóðíèð À"]
[Site "Õàíòû-Ìàíñèéñê, Russia"]
[Date "2013.12.01"]
[Round "4"]
[White "Ñìèðíîâ Àëåêñåé"]
[Black "Øàðàôèåâ Àçàò"]
[Result "1/2-1/2"]
[WhiteElo "2429"]
[BlackElo "2403"]
[Annotator ""]
[Source ""]
[Remark ""]

1.d4 d5 2.c4 c6 3.Nf3 Nf6 4.Nc3 e6 5.e3 Nbd7 6.Bd3 dxc4 7.Bxc4
b5 8.Bd3 Bb7 9.e4 b4 10.Na4 c5 11.e5 Nd5 12.O-O cxd4 13.Re1 g6
14.Bg5 Qa5 15.Nxd4 a6 16.a3 Bg7 17.axb4 Nxb4 18.Bb5 axb5 19.Nxe6
fxe6 20.Qd6 Nd5 21.Qxe6+ Kf8 22.Qxd7 Qc7 23.Be7+ Kf7 24.e6+ Kg8
25.Nc5 Bxb2 26.Rad1 Bc6 27.Qxc7 Nxc7 28.h4 Kg7 29.Rd6 Be8 30.Bg5
h6 31.Bc1 Bxc1 32.Rxc1 Ra7 33.e7 b4 34.Rb1 Nb5 35.Rb6 Nc3 36.R1xb4
Nd5 37.Rb7 Ra1+ 38.Rb1 Rxb1+ 39.Rxb1 Bf7 40.Nd3 Nxe7 41.Rb7 Nc6
42.Rc7 Rd8 43.Rxc6 Rxd3 44.Kh2 Bd5 45.Rd6 Be4 46.Ra6 Rc3 47.Rd6
Rc6 48.Rd4 Re6 49.Kg3 Kf6 50.f3 Bf5 51.Rd2 Rc6 52.Ra2 Rc2 53.Ra6+
Be6 54.Rb6 Re2 55.Ra6 h5 56.Rb6 Ke5 57.Rb5+ Kd4 58.Rb6 Bf5 59.Ra6
Rb2 60.Ra1 Ke3 61.Re1+ Kd2 62.Kf2 Bd3 63.Ra1 Bb1 64.g4 Kc1+ 65.Kg3
Ra2 66.Rxa2 Bxa2 67.Kf4 Kd2 68.Kg5 Bf7 69.f4 1/2-1/2

[Event "IX Êóáîê Ãóáåðíàòîðà ÕÌÀÎ-Þãðû òóðíèð À"]
[Site "Õàíòû-Ìàíñèéñê, Russia"]
[Date "2013.12.01"]
[Round "4"]
[White "Îïàðèí Ãðèãîðèé"]
[Black "Àðñëàíîâ Øàìèëü"]
[Result "1/2-1/2"]
[WhiteElo "2520"]
[BlackElo "2411"]
[Annotator ""]
[Source ""]
[Remark ""]

1.e4 e5 2.Nf3 Nc6 3.Bb5 Nf6 4.d3 Bc5 5.O-O d6 6.c3 O-O 7.h3 a6
8.Ba4 Ba7 9.Re1 Ne7 10.Nbd2 Ng6 11.d4 c5 12.Bc2 b5 13.Nf1 Re8
14.Ng3 cxd4 15.cxd4 exd4 16.Nxd4 Bb7 17.Be3 d5 18.Ndf5 Bxe3 19.Rxe3
Qb6 20.Bb3 d4 21.Qxd4 Qxd4 22.Nxd4 Nxe4 23.Ngf5 Red8 24.Rc1 Rd7
25.Nf3 Kf8 26.h4 Re8 27.Rce1 Ne7 28.Ne5 Rd2 29.Nxe7 Rxe7 30.Nf3
Rdd7 31.Ng5 Nxg5 32.hxg5 Rxe3 33.Rxe3 Rd2 34.Rc3 Bd5 35.Bxd5
Rxd5 36.f4 Rd2 37.Ra3 Rxb2 38.Rxa6 g6 39.Kh2 Kg7 40.Kg3 h6 1/2-1/2

[Event "IX Êóáîê Ãóáåðíàòîðà ÕÌÀÎ-Þãðû òóðíèð À"]
[Site "Õàíòû-Ìàíñèéñê, Russia"]
[Date "2013.12.01"]
[Round "4"]
[White "Ñàðàíà Àëåêñåé"]
[Black "Ñòóêîïèí Àíäðåé"]
[Result "0-1"]
[WhiteElo "2261"]
[BlackElo "2509"]
[Annotator ""]
[Source ""]
[Remark ""]

1.e4 c5 2.Nf3 Nc6 3.d4 cxd4 4.Nxd4 Nf6 5.Nc3 d6 6.Bg5 e6 7.Qd2
a6 8.O-O-O Bd7 9.f3 Be7 10.Kb1 Rc8 11.h4 h6 12.Nxc6 bxc6 13.Bxf6
gxf6 14.Bxa6 Rb8 15.Bc4 Qb6 16.Bb3 c5 17.Qd3 Kf8 18.g4 Kg7 19.Ka1
Rhc8 20.Rb1 Bc6 21.f4 Rd8 22.f5 d5 23.exd5 exd5 24.Bxd5 Bd6 25.Rhe1
Re8 26.Rxe8 Bxe8 27.Bb3 Be5 28.g5 hxg5 29.hxg5 fxg5 30.Nd5 c4
31.Qxc4 Qd4 32.f6+ Kg6 33.Qf1 Rxb3 34.Ne7+ Kh5 35.cxb3 Bd7 36.Qh1+
Qh4 37.Qf3+ g4 38.Qd5 Qxf6 39.Rh1+ Kg5 40.Qd2+ Qf4 41.Qxd7 Qf2
42.Qf5+ Qxf5 43.Nxf5 Kxf5 44.Rf1+ Ke6 45.Kb1 g3 46.Kc2 Bd4 47.Re1+
Kd5 48.Re2 Bf2 49.Kd2 g2 50.Rxf2 g1Q 51.Rxf7 Qg5+ 52.Kc3 Qg3+
53.Kd2 Ke6 54.Rf1 Qg2+ 55.Ke1 Qxb2 56.Rf3 Qxa2 57.Kd1 Qb1+ 58.Kd2
Qb2+ 59.Kd1 Ke5 60.Rd3 Ke4 61.Rh3 Qg2 62.Rh8 Qf1+ 63.Kc2 Qd3+ 0-1

[Event "IX Êóáîê Ãóáåðíàòîðà ÕÌÀÎ-Þãðû òóðíèð À"]
[Site "Õàíòû-Ìàíñèéñê, Russia"]
[Date "2013.12.01"]
[Round "4"]
[White "Áåëÿêîâ Áîãäàí"]
[Black "Ãîðäèåâñêèé Äìèòðèé"]
[Result "1/2-1/2"]
[WhiteElo "2454"]
[BlackElo "2448"]
[Annotator ""]
[Source ""]
[Remark ""]

1.e4 c5 2.c3 e6 3.d4 d5 4.e5 Nc6 5.a3 Nge7 6.Nf3 Nf5 7.Bd3 Be7
8.dxc5 Bxc5 9.O-O Be7 10.Re1 g5 11.b4 g4 12.Nd4 Nfxd4 13.cxd4
h5 14.Be3 Bd7 15.Nc3 Kf8 16.Rc1 Kg7 17.f3 g3 18.hxg3 a6 19.Na4
b6 20.Nc3 b5 21.f4 f5 22.exf6+ Bxf6 23.Bb1 Qb6 24.Qd3 Ne7 25.Ne2
Nf5 26.Bf2 Be8 27.Qf3 Bg6 28.Rc5 Rae8 29.Rec1 Re7 30.g4 hxg4
31.Qxg4 Qb8 32.Qf3 Qg8 33.Bxf5 Bxf5 34.Ng3 Qh7 35.Nxf5+ exf5
36.g3 Qh2+ 37.Kf1 Qh3+ 38.Qg2 Qh5 39.Rc7 Qe2+ 40.Kg1 Rxc7 41.Rxc7+
Kg6 42.Rc1 Qd2 43.Rf1 Bxd4 44.Bxd4 Qxd4+ 45.Qf2 Qxf2+ 46.Rxf2
Rc8 47.Rd2 Kh5 48.Rxd5 Kg4 49.Rd3 Rc2 50.Kf1 Ra2 51.Rc3 Kh3 52.Rd3
Kg4 1/2-1/2

[Event "IX Êóáîê Ãóáåðíàòîðà ÕÌÀÎ-Þãðû òóðíèð À"]
[Site "Õàíòû-Ìàíñèéñê, Russia"]
[Date "2013.12.01"]
[Round "4"]
[White "Ñàâèöêèé Ñåðãåé"]
[Black "Ïàñèåâ Ðàõèì"]
[Result "1-0"]
[WhiteElo "2363"]
[BlackElo "2405"]
[Annotator ""]
[Source ""]
[Remark ""]

1.e4 c5 2.Nf3 d6 3.d4 cxd4 4.Qxd4 Bd7 5.c4 Nc6 6.Qe3 Nf6 7.h3
e5 8.Nc3 Be7 9.Be2 O-O 10.O-O a6 11.Rd1 Qc7 12.b3 Rab8 13.Bb2
b6 14.Rac1 Nd8 15.Ba3 Re8 16.Rd2 Ra8 17.Nd5 Nxd5 18.cxd5 Qb8
19.Rdc2 Ra7 20.h4 b5 21.Bb4 a5 22.Bd2 b4 23.Qxa7 Qxa7 24.Rc7
Qb8 25.Rxd7 Nb7 26.Be3 Nc5 27.Bxc5 dxc5 28.d6 Bxd6 29.Rd1 Be7
30.Bc4 Rd8 31.Rxd8+ Bxd8 32.Nxe5 Bf6 33.Nxf7 Kf8 34.e5 Bxh4 35.Nd6
Be7 36.Rd3 Bxd6 37.exd6 Ke8 38.Be6 Kd8 39.Bh3 g5 40.Bf5 h5 41.Re3 1-0

[Event "IX Êóáîê Ãóáåðíàòîðà ÕÌÀÎ-Þãðû òóðíèð À"]
[Site "Õàíòû-Ìàíñèéñê, Russia"]
[Date "2013.12.02"]
[Round "5"]
[White "Øèìàíîâ Àëåêñàíäð"]
[Black "Õèñìàòóëëèí Äåíèñ"]
[Result "1/2-1/2"]
[WhiteElo "2650"]
[BlackElo "2674"]
[Annotator ""]
[Source ""]
[Remark ""]

1.d4 Nf6 2.c4 e6 3.Nf3 b6 4.g3 Bb7 5.Bg2 Be7 6.O-O O-O 7.Nc3
Ne4 8.Bd2 Bf6 9.Rc1 d6 10.d5 Nxd2 11.Qxd2 e5 12.e4 a5 13.h4 Nd7
14.Bh3 Nc5 15.Ne1 g6 16.Nd3 Ba6 17.b3 h5 18.Nxc5 bxc5 19.Qd3
Bg7 20.Kh2 Qe7 21.Rce1 Bh6 22.Rd1 Rab8 23.Qc2 Ra8 24.Qd3 Rab8
25.Qc2 Ra8 26.Qd3 1/2-1/2

[Event "IX Êóáîê Ãóáåðíàòîðà ÕÌÀÎ-Þãðû òóðíèð À"]
[Site "Õàíòû-Ìàíñèéñê, Russia"]
[Date "2013.12.02"]
[Round "5"]
[White "Ôåäîñååâ Âëàäèìèð"]
[Black "Õàéðóëëèí Èëüäàð"]
[Result "1/2-1/2"]
[WhiteElo "2597"]
[BlackElo "2653"]
[Annotator ""]
[Source ""]
[Remark ""]

1.e4 e5 2.Nf3 Nc6 3.Bb5 a6 4.Ba4 Nf6 5.O-O Be7 6.Re1 b5 7.Bb3
d6 8.c3 O-O 9.h3 Nb8 10.d4 Nbd7 11.Nbd2 Bb7 12.Bc2 c5 13.d5 c4
14.Nf1 g6 15.Bh6 Re8 16.g4 Bf8 17.Qd2 Bxh6 18.Qxh6 Nc5 19.Ng3
Nfd7 20.Ng5 Nf8 21.Re3 Qe7 22.Nf3 f6 23.Re2 a5 24.Qd2 Ba6 25.Kh2
Rab8 26.b4 cxb3 27.axb3 b4 28.Re3 Qc7 29.Bd1 Rec8 30.g5 Nfd7
31.gxf6 Nxf6 32.Ng5 Rf8 33.cxb4 Rxb4 34.Rc3 Bc8 35.Qe3 Qb6 36.Rac1
Bd7 37.Kg1 Kg7 38.Bc2 Rb8 39.Ra1 Nxb3 40.Qxb6 R8xb6 41.Bxb3 Rxb3
42.Rxb3 Rxb3 43.Rxa5 h6 44.Ne6+ Bxe6 45.dxe6 Rb7 46.Ra6 Ne8 47.h4
h5 48.f4 Rb1+ 49.Kg2 Rb2+ 50.Kf3 Rb3+ 51.Kf2 Rb2+ 52.Kf3 Rb3+ 1/2-1/2

[Event "IX Êóáîê Ãóáåðíàòîðà ÕÌÀÎ-Þãðû òóðíèð À"]
[Site "Õàíòû-Ìàíñèéñê, Russia"]
[Date "2013.12.02"]
[Round "5"]
[White "Êîêàðåâ Äìèòðèé"]
[Black "Ôðîëüÿíîâ Äìèòðèé"]
[Result "1/2-1/2"]
[WhiteElo "2631"]
[BlackElo "2561"]
[Annotator ""]
[Source ""]
[Remark ""]

1.e4 c5 2.Nf3 Nc6 3.c3 Nf6 4.e5 Nd5 5.d4 cxd4 6.cxd4 d6 7.Bc4
e6 8.O-O Be7 9.Bd2 O-O 10.Nc3 Nb6 11.Bb3 Bd7 12.Qe2 Rc8 13.Rad1
Be8 14.Rfe1 d5 15.Bc2 Kh8 16.Bc1 f6 17.exf6 Bxf6 18.Ne5 Bxe5
19.dxe5 Qh4 20.f3 Nc4 21.Ba4 Rf5 22.Bxc6 Rxc6 23.Qf2 Qxf2+ 24.Kxf2
Rxe5 25.Ne2 Bd7 26.g4 d4 27.Rxd4 Nb6 28.Nc3 Rxe1 29.Kxe1 Kg8
30.Be3 Kf7 31.Rb4 Rc4 32.Rxc4 Nxc4 33.Bxa7 Nxb2 34.Ke2 Bc6 35.Bd4
Nc4 36.h4 e5 37.Bc5 Ke6 38.Bf8 Kf7 39.Bc5 Ke6 40.Bf8 Kf7 41.Bc5 1/2-1/2

[Event "IX Êóáîê Ãóáåðíàòîðà ÕÌÀÎ-Þãðû òóðíèð À"]
[Site "Õàíòû-Ìàíñèéñê, Russia"]
[Date "2013.12.02"]
[Round "5"]
[White "Ëûñûé Èãîðü"]
[Black "Ïðèäîðîæíûé Àëåêñåé"]
[Result "1/2-1/2"]
[WhiteElo "2666"]
[BlackElo "2517"]
[Annotator ""]
[Source ""]
[Remark ""]

1.Nf3 d5 2.d4 Nf6 3.c4 c6 4.g3 Bf5 5.Nc3 e6 6.Nh4 Bg6 7.Nxg6
hxg6 8.Qd3 Nbd7 9.Bg2 Bd6 10.O-O O-O 11.Rd1 Re8 12.Bg5 Qa5 13.c5
Bf8 14.Bd2 Qc7 15.f4 Nh7 16.g4 g5 17.e3 g6 18.h4 gxh4 19.g5 e5
20.dxe5 Nxe5 21.fxe5 Qxe5 22.Qd4 Qxg5 23.Kh1 Qh5 24.Bh3 Bg7 25.Qf4
Be5 26.Qf1 Ng5 27.Qg2 Qf3 28.Bg4 Qxg2+ 29.Kxg2 f5 30.Bf3 h3+
31.Kf2 Nxf3 32.Kxf3 g5 33.Ne2 Kf7 34.Bc3 Re7 35.Bxe5 Rxe5 36.Ng3
Rae8 37.Rd3 Kg6 38.Rh1 R5e7 39.Kf2 g4 40.Ne2 Kg5 41.b3 Re4 42.Rc1
Kh4 43.Ng3 Rf8 44.Ne2 f4 45.Nxf4 d4 46.Kg1 Rf6 47.Nxh3 Kxh3 48.exd4+
Rf3 49.Rd2 Rg3+ 50.Kh1 Rge3 51.Rh2+ Kg3 52.Rg1+ Kf4 53.Rh8 Re8
54.Rf1+ Kg3 55.Rg1+ Kf2 56.Rh2+ Kf3 57.Rf1+ Ke4 58.Rh7 Rb8 59.Re7+
Kd3 60.Rd1+ Ke2 61.Rxe3+ Kxd1 62.Kg2 Kd2 63.Re4 Kc3 64.Rxg4 a5
65.Kf3 1/2-1/2

[Event "IX Êóáîê Ãóáåðíàòîðà ÕÌÀÎ-Þãðû òóðíèð À"]
[Site "Õàíòû-Ìàíñèéñê, Russia"]
[Date "2013.12.02"]
[Round "5"]
[White "Ãîãàíîâ Àëåêñåé"]
[Black "Ìàòëàêîâ Ìàêñèì"]
[Result "0-1"]
[WhiteElo "2581"]
[BlackElo "2700"]
[Annotator ""]
[Source ""]
[Remark ""]

1.Nf3 Nf6 2.g3 b6 3.Bg2 Bb7 4.O-O e6 5.d3 d5 6.e4 dxe4 7.Nfd2
Nbd7 8.Nc3 Nc5 9.dxe4 e5 10.Nc4 Qd4 11.Qxd4 exd4 12.Nb5 Ne6 13.Rd1
Bc5 14.e5 Bxg2 15.Kxg2 Nd7 16.c3 dxc3 17.Nxc3 O-O-O 18.Ne4 b5
19.Na5 Nxe5 20.Rxd8+ Rxd8 21.Nxc5 Nxc5 22.Be3 Nb7 23.Bf4 Nxa5
24.Bxe5 f6 25.Bf4 Nc4 26.b3 Nb6 27.Be3 Kb7 28.Kf3 a5 29.Rc1 Nd5
30.Rd1 b4 31.g4 Kc6 32.Rc1+ Nc3 33.a3 Rd3 34.axb4 axb4 35.Kf4
Kd5 36.Kf5 c5 37.Ra1 Nd1 38.Ra7 Nxe3+ 39.fxe3 Rxb3 40.e4+ Kc4 0-1

[Event "IX Êóáîê Ãóáåðíàòîðà ÕÌÀÎ-Þãðû òóðíèð À"]
[Site "Õàíòû-Ìàíñèéñê, Russia"]
[Date "2013.12.02"]
[Round "5"]
[White "Ñìèðíîâ Ïàâåë"]
[Black "Áóêàâøèí Èâàí"]
[Result "1-0"]
[WhiteElo "2641"]
[BlackElo "2578"]
[Annotator ""]
[Source ""]
[Remark ""]

1.e4 e5 2.Nf3 Nc6 3.Bc4 Bc5 4.c3 Nf6 5.d4 exd4 6.cxd4 Bb4+ 7.Nbd2
d5 8.exd5 Nxd5 9.O-O O-O 10.a3 Bxd2 11.Bxd2 Bg4 12.h3 Bxf3 13.Qxf3
Nb6 14.Bd3 Qxd4 15.Bc3 Qh4 16.Rfe1 Rae8 17.Be4 Re6 18.Bxc6 Rxc6
19.Re4 Qd8 20.Bb4 Re8 21.Rd1 Qc8 22.Rxe8+ Qxe8 23.Qe4 Re6 24.Qxb7
c5 25.Qc7 cxb4 26.Rd8 bxa3 27.bxa3 g5 28.Rxe8+ Rxe8 29.Qxa7 Re6
30.a4 Nxa4 31.Qxa4 h6 32.g3 Rg6 33.h4 gxh4 34.Qxh4 Kg7 35.Kg2
Ra6 36.Qd4+ Kg8 37.f4 Rg6 38.Kh3 Kh7 39.f5 Rg5 40.Qf6 Kg8 41.g4
Rg7 42.Qd8+ Kh7 43.Qf8 1-0

[Event "IX Êóáîê Ãóáåðíàòîðà ÕÌÀÎ-Þãðû òóðíèð À"]
[Site "Õàíòû-Ìàíñèéñê, Russia"]
[Date "2013.12.02"]
[Round "5"]
[White "Ñþãèðîâ Ñàíàí"]
[Black "Øàðèÿçäàíîâ Àíäðåé"]
[Result "1-0"]
[WhiteElo "2641"]
[BlackElo "2572"]
[Annotator ""]
[Source ""]
[Remark ""]

1.e4 c5 2.Nf3 Nc6 3.Bb5 e6 4.O-O Nge7 5.b3 a6 6.Bxc6 Nxc6 7.Bb2
b6 8.d4 cxd4 9.Nxd4 Bb7 10.Nd2 Qc7 11.Nxc6 Bxc6 12.Qg4 h5 13.Qg5
Rh6 14.Qe3 f6 15.Nf3 Be7 16.c4 h4 17.h3 Kf7 18.Rad1 g5 19.Nd4
Bb7 20.Ne2 Rg6 21.f3 Bc6 22.Kh1 Rgg8 23.Rd3 b5 24.c5 b4 25.Rc1
a5 26.Nd4 Ra7 27.Nxc6 Qxc6 28.f4 Raa8 29.Qf3 gxf4 30.Qxf4 Rg6
31.Rf3 Rag8 32.Rf2 Ke8 33.Qb8+ Kf7 34.Qf4 Ke8 35.Rcc2 Rh8 36.Qb8+
Bd8 37.Bxf6 Rxf6 38.Rxf6 Qxe4 39.Rcf2 Rg8 40.R6f4 Qe1+ 41.Kh2
Qe3 42.c6 dxc6 43.Qd6 1-0